LOS SERVICIOS SOCIALES DESDE UNA PERSPECTIVA INTERNACIONAL : (Registro nro. 15147)
[ vista simple ]
| 000 -LEADER | |
|---|---|
| fixed length control field | 00577nam a2200193 a 4500 |
| 001 - CONTROL NUMBER | |
| control field | 15147 |
| 005 - DATE AND TIME OF LATEST TRANSACTION | |
| control field | 20180713203743.0 |
| 008 - FIXED-LENGTH DATA ELEMENTS--GENERAL INFORMATION | |
| fixed length control field | 140415s1987 000 0 spa d |
| 020 ## - INTERNATIONAL STANDARD BOOK NUMBER | |
| International Standard Book Number | 8432305936 |
| 041 ## - LANGUAGE CODE | |
| Language code of text/sound track or separate title | spa |
| 082 ## - DEWEY DECIMAL CLASSIFICATION NUMBER | |
| Classification number | 361.3 |
| Item number | KAH |
| 100 1# - MAIN ENTRY--PERSONAL NAME | |
| Personal name | KAHN, ALFRED J. |
| 245 14 - TITLE STATEMENT | |
| Title | LOS SERVICIOS SOCIALES DESDE UNA PERSPECTIVA INTERNACIONAL : |
| Remainder of title | EL SEXTO SISTEMA DE PROTECCION SOCIAL |
| 260 ## - PUBLICATION, DISTRIBUTION, ETC. | |
| Place of publication, distribution, etc. | [s.l.] : |
| Name of publisher, distributor, etc. | SIGLO VEINTIUNO, |
| Date of publication, distribution, etc. | 1987 |
| 300 ## - PHYSICAL DESCRIPTION | |
| Extent | 544 |
| 490 ## - SERIES STATEMENT | |
| Series statement | TRABAJO SOCIAL |
| Volume/sequential designation | 3 |
| 650 14 - SUBJECT ADDED ENTRY--TOPICAL TERM | |
| Topical term or geographic name entry element | SERVICIO SOCIAL |
| 700 1# - ADDED ENTRY--PERSONAL NAME | |
| Personal name | KAMERMAN, SHEILA B. |
| Relator term | coaut. |
| Withdrawn status | Lost status | Source of classification or shelving scheme | Damaged status | Not for loan | Collection code | Home library | Current library | Shelving location | Date acquired | Source of acquisition | Inventory number | Total Checkouts | Full call number | Barcode | Date last seen | Date last checked out | Price effective from | Koha item type |
|---|---|---|---|---|---|---|---|---|---|---|---|---|---|---|---|---|---|---|
| Dewey Decimal Classification | General | Biblioteca Karol Wojtyla | Biblioteca Karol Wojtyla | Sala general | 03/12/2013 | Compra | 151000000000000000048447 | 1 | 361.3 KAH | 32604 | 05/01/2026 | 11/11/2022 | 03/12/2013 | Libro |